000 00921nam a2200193 a 4500
005 20140414132103.0
008 100722s19uu xx 00 eng d
020 _a9781595666031
050 _aM 643
_bG65 2008
100 _aGraham, Ian
245 _aHome.
260 _aMankato, Minn :
_bQEB pub,
_c2008.
300 _a32 p.
440 _aInventions in...
500 _aContents: Inventions in your home -- Lighting up -- Button up -- Home help -- Tick tock -- Food matters -- Tin tops -- Pocket power -- Music machines -- Home computers -- On the box -- Playing games -- Eco-homes -- Glossary. Notes: Includes index.
520 _a"Tells the history of inventions that changed the home, from electricity and light bulbs to refrigerators, home computers, and home video game systems"--Provided by publisher.
650 _aHousehold appliances --United States --History --Juvenile literature.
999 _c114509
_d114509